| 000 | 00434nam a2200169 4500 | ||
|---|---|---|---|
| 001 | 46017 | ||
| 090 | _a46017 | ||
| 100 | _a20260421 pory50 | ||
| 101 | _apor | ||
| 102 | _aPT | ||
| 200 |
_aA Princesa de Gelo _fCamila Läckberg _gtrad. Ricardo Gonçalves |
||
| 205 | _a5.ª ed. [2.ª da D. Quixote] | ||
| 210 |
_aAlfragide _cPublicações dom Quixote _d2010 |
||
| 215 | _a399 p. | ||
| 675 | _a82-31 | ||
| 801 |
_aPT _gRPC |
||
| 990 | _cLIVROS | ||